| 000 | 00778nam a2200229Ia 4500 | ||
|---|---|---|---|
| 003 | GCL | ||
| 008 | 140319s9999 xx 000 0 ara d | ||
| 020 | _a5020369957 | ||
| 040 |
_aGCL / _cGCL |
||
| 082 | 0 | 4 |
_a371.89 _bي م |
| 100 | 1 | _aياسر خالد سلامة | |
| 245 | 1 | 0 |
_aموسوعة الصحافة والنشاطات المدرسية / _cياسر خالد سلامة |
| 250 | _aالاولى | ||
| 260 |
_aالاردن : _bدار عالم الثقافة للنشر والتوزيع ، _c2005 |
||
| 300 |
_a278 ص ؛ _c24 سم |
||
| 650 | 0 | 4 | _aالنشاط المدرسى |
| 650 | 0 | 4 | _aالصحافة المدرسية |
| 650 | 0 | 4 | _aالطلبة - نشاط |
| 650 | 0 | 4 | _aالطلبة - تدريب |
| 650 | 0 | 4 | _aالاعلام التربوى |
| 942 |
_2ddc _cBK |
||
| 999 |
_c10085 _d10085 |
||